Teleformación para la igualdad en el empleo /

Se presenta el desarrollo de una investigación sobre el aprendizaje de mujeres adultas con tecnologías de información por medio de Internet para promover la igualdad de oportunidades tanto laborales como sociales. Se trata de adecuar dichas herramientas a sus necesidades y proponer un modelo efectiv...

Descripción completa

Guardado en:
Detalles Bibliográficos
Otros autores: Estebaranz García, Araceli (dir.) Conductor
Formato: Libro
Idioma:Español
Publicado: Sevilla, España : Universidad de Sevilla, 2006, c2006
Colección:(Ciencias de la Educación ; 24)
Temas:
Etiquetas: Agrega una etiqueta
Sin etiquetas, Sé el primero en etiquetar este registro!

MARC

LEADER 00000nam^a2200000^a^4500
001 000279919
005 20250521000000.0
009 20260310111448.586
020 |a 84-472-1073-1 
037 |a Acervo ITESO - Biblioteca 
041 |a ESP 
082 |a 374.  |b EST 
100 |a Estebaranz García, Araceli  |e (dir.) 
245 1 0 |a Teleformación para la igualdad en el empleo /  |c Dir. de A. Estebaranz García 
264 4 |a Sevilla, España :  |b Universidad de Sevilla,  |c 2006, c2006 
300 |a 379 p. 
336 |a texto  |b txt  |2 rdacontenido 
337 |a sin mediación  |b n  |2 rdamedio 
338 |a volumen  |b nc  |2 rdasoporte 
440 1 |a (Ciencias de la Educación ;  |v 24) 
520 |a Se presenta el desarrollo de una investigación sobre el aprendizaje de mujeres adultas con tecnologías de información por medio de Internet para promover la igualdad de oportunidades tanto laborales como sociales. Se trata de adecuar dichas herramientas a sus necesidades y proponer un modelo efectivo de formación a distancia. 
649 |a XX 
650 |a Mujeres -  |x Condiciones Sociales y Culturales -  |x Tema Principal 
650 |a Mujeres -  |x Condiciones Laborales 
650 |a Internet -  |x Aspectos Sociales y Culturales 
650 |a Educación a Distancia -  |x Tema Principal 
650 |a Educación 
910 |a Fondo General 
920 |a Impresos - Libros 
930 |a Colección General 
905 |a 101 
901 |a 0500166671  |b IT1  |c ACC  |u 20250521 
902 |a https://opac.biblio.iteso.mx/vufind/Record/000279919